000 00587nam a2200241Ia 4500
005 20250425160717.0
008 250425s9999 xx 000 0 und d
020 _a8487189024
041 _aspa
082 _a650.13
110 _aEDICIONES DIAZ DE SANTOS, S.A.
245 0 _aEL PLAN DE MARKETING PERSONAL
250 _a1A ED.
260 _aEspaƱa
_bDIAZ DE SANTOS
_c1989
260 _aMADRID
300 _a150
650 _aAUTOCONOCIMIENTO
650 _aESTRATEGIAS
650 _aMARKETING PERSONAL
650 _aREALIZACION PERSONAL
942 _c01
010 _a3144
999 _c194595
_d194595